000
00320nam a22001337a 4500
008
181022b xxu||||| |||| 00| 0 eng d
020
_a
9780618001040
041
_a
eng
080
_a
941
100
_a
17
101
_a
HIS
245
_a
Britain Yesterday and Today 1830 to the Present
_c
Arnstein, W.L
942
_2
udc
_c
BK
999
_c
50524
_d
50524